000 00553nam a2200193 a 4500
005 20240911064345.0
008 991125s1977 mad 000 0 spa u
020 _a8426901956
035 _aUPN01000012089
049 _aCG
050 4 _aQ175
_bC7
245 0 3 _aLa creatividad en la ciencia /
_cL. Martínez Osorio...[et al.].
260 _aMadrid :
_bMarova,
_c1977.
300 _a120 p
440 0 _aBiblioteca Marova de estudios del hombre ;
_v32
650 4 _aCiencia
_xFilosofía
_94696
700 2 _aMart
_dínez-Osorio,
_ecoaut.
905 _aLibro
999 _c12089
_d12089